• 首页
  • 本馆介绍
  • 公告通知
  • 最新文献
  • 馆藏检索
  • 电子资源
  • 读者导购
  • 参考咨询
  • 我的图书馆
  • 登录
  • 详细信息显示
  • 放入我的书架
  • 预约/预借图书
  • 作者相关作品
  • 分类相关作品
  • 丛书相关作品
  • 出版社相关作品

书目信息

  • 表格格式
  • 工作单格式
  • 卡片格式
题名:
鸟类图案设计图典
    
 
作者: 刘晓霞 , 贾荣林 编绘
分册:  
出版信息: 北京   中国纺织出版社  2019.5
页数: 395页
开本: 23cm
丛书名:
单 册:
中图分类: J522.2
科图分类:
主题词: 鸟类--图案设计--中国--图集
电子资源:
ISBN: 978-7-5180-5966-9
000 01022nam0 2200253 45
001 012001001063
005 20130910135057.0
010    @a978-7-5180-5966-9@dCNY75.00
099    @aCAL 012019086600
100    @a20190704d2019 em y0chiy0110 ea
101 0  @achi
102    @aCN@b110000
105    @aa z 000yy
106    @ar
200 1  @a鸟类图案设计图典@Aniao lei tu an she ji tu dian@f刘晓霞, 贾荣林编绘
210    @a北京@c中国纺织出版社@d2019.5
215    @a395页@c图@d23cm
330    @a本书汇集了两千余种鸟类各种姿态的装饰图案书,是在对各种鸟类的自然生态规律、运动姿态和神情气韵充分了解及研究的基础上,运用黑白装饰的语言,充分发挥点、线、面和黑、白、灰而构成的精美图案书。书中既有古朴、粗犷、浑厚的表现,又有精致、灵巧或雅拙的刻画,并且包容了从传统到现代、从中国到世界各国的装饰设计方法。
606 0  @a鸟类@x图案设计@y中国@j图集
690    @aJ522.2@v5
701  0 @a刘晓霞@Aliu xiao xia@4编绘
701  0 @a贾荣林@Ajia rong lin@4编绘
801    @aCN@b江苏凤凰@c20211018
905    @b1342057-60@dJ522.2@e592@f4
    
    鸟类图案设计图典/刘晓霞, 贾荣林编绘.-北京:中国纺织出版社,2019.5
    395页:图;23cm
    
    
    ISBN 978-7-5180-5966-9:CNY75.00
    本书汇集了两千余种鸟类各种姿态的装饰图案书,是在对各种鸟类的自然生态规律、运动姿态和神情气韵充分了解及研究的基础上,运用黑白装饰的语言,充分发挥点、线、面和黑、白、灰而构成的精美图案书。书中既有古朴、粗犷、浑厚的表现,又有精致、灵巧或雅拙的刻画,并且包容了从传统到现代、从中国到世界各国的装饰设计方法。
●
相关链接 在E读中查询图书 在五车中查询图书 在当当中查询图书 在豆瓣中查询图书


正题名:鸟类图案设计图典     索取号:J522.2/592         预约/预借

序号 登录号 条形码 馆藏地/架位号 状态 备注
1 1342057   213420573   第一样本阅览室/ [索取号:J522.2/592] 在馆    
2 1342058   213420582   第一借阅区/ [索取号:J522.2/592] 在馆    
3 1342059   213420591   第一借阅区/ [索取号:J522.2/592] 在馆    
4 1342060   213420608   第一借阅区/ [索取号:J522.2/592] 在馆    
唐山师范学院图书馆 欢迎您!
大连网信软件有限公司© 版权所有